Gaming Quiz

Random Gaming or Video Games Quiz

Blizzard Games Quiz Stats

 Plays Quiz Updated Dec 16, 2018

Support Sporcle.
Go Orange.
Score 0/20 Timer 04:00
5 Plays Today
Year Game % Correct
2004World of Warcraft
92.6%
1994Warcraft: Orcs & Humans
88.8%
1998Starcraft
88.6%
1995Warcraft II: Tides of Darkness
82.6%
2002Warcraft III: Reign of Chaos
80.4%
1996Diablo
79.4%
2000Diablo II
76.3%
2016Overwatch
73.2%
2012Diablo III
69.8%
2014Hearthstone
66.6%
Year Game % Correct
2015Heroes of the Storm
53.2%
2010Starcraft II
25.5%
1992The Lost Vikings
19.6%
1995The Lost Vikings II
8.6%
1993Rock N' Roll Racing
7%
1994Blackthorne
6.7%
1991RPM Racing
3.4%
1994The Death and Return of Superman
3.1%
1995Justice League Task Force
2.8%
1994Shanghai II: Dragon's Eye
1.8%

From the Vault

Same Name as a Cartoon Character III

by ghcgh

A regular ol' spittin' image of one another.
Remove Ads.
Support Sporcle.
Get the best of Sporcle when you Go Orange. This ad-free experience offers more features, more stats, and more fun while also helping to support Sporcle. Thank you for becoming a member.

Show Comments

Extras

Top Quizzes Today


Score Distribution

Your Account Isn't Verified!

In order to create a playlist on Sporcle, you need to verify the email address you used during registration. Go to your Sporcle Settings to finish the process.

Report this User

Report this user for behavior that violates our Community Guidelines.

Details: